| 000 | 00843nam a2200289Ia 4500 | ||
|---|---|---|---|
| 001 | C9255 | ||
| 003 | IT-RoPAU | ||
| 008 | 130308s9999 xx 000 0 und d | ||
| 040 | _aIT-RoPAU | ||
| 040 | _cIT-RoPAU | ||
| 041 | _aITALIANO | ||
| 100 | _aSequeri Pierangelo | ||
| 100 | _gCodice Aut. SPICS: 1236 | ||
| 245 | _aAscolto della parola, risonanza della fede | ||
| 245 | _bGiovani Liturgia e Musica | ||
| 250 | _a1a ed. | ||
| 260 | _aROMA | ||
| 260 | _bLas | ||
| 260 | _c1994 [1° Ed.:1994 - Ed.Ling.Originale:1994] | ||
| 300 | _a"3 p. (prefazione: no ; testo: 3 [pagine: 19-21])" | ||
| 500 | _aQuale integrazione tra intenzionale ed Emozionale? l'altro da Ascoltare. ruolo sintesi della Celebrazione. | ||
| 650 | _aSAGGI MUSICALI | ||
| 650 | _eCodice materia Spics: 7011 | ||
| 942 | _cBK | ||
| 957 | _71 | ||
| 999 |
_c85679 _d85679 |
||
| 999 | _g1 | ||